000 00652nam a2200217Ia 4500
005 20250508164110.0
008 008 250505s9999 xx 000 0 eng d
020 _a0-521-75360-0
037 _aTextBook
040 _aFEDL
_beng
_cFEDL
041 _aeng
_2eng
084 _a371.26, WAI
_qFEDL
100 _aWainwright Stewart
_9777322
245 0 _aTeaching and assessing skills in computer studies
260 _aCambridge
_bCambridge University Press
_c2002
300 _av,90p
365 _aINR
_b595
650 _aEducational Test; Measurement And Evaluation
_9760177
942 _cTB
_h371.26, WAI
999 _c1387039
_d1387039